Reke - Štajerska, Posavska, ... - Statistics

General Stats
  • This quiz has been taken 202 times
  • The average score is 12 of 13
Answers on the Map
Answers color-coded by a green-red scale on the quiz's map according to % correct below.
 
Answer Stats
Answer % Correct
Dreta
96%
Gračnica
95%
K. Bistrica
93%
Meža
93%
Mislinja
93%
Sotla
93%
Pšata
91%
Sopota
91%
Oplotnica
86%
Paka
86%
Savinja
86%
Hudinja
77%
Voglajna
75%
No matching quizzes found
Score Distribution
Percent of People with Each Score
Percentile by Number Answered
Your Score History
You have not taken this quiz